US Presidents Featured in the Simpsons - Statistics

General Stats
  • This quiz has been taken 19 times
  • The average score is 7 of 9
Answer Stats
Episode President % Correct
Bart to the Future Donald Trump
94%
Two Bad Neighbors George H. W. Bush
94%
Homer's Barbershop Quartet Ronald Reagan
88%
Treehouse of Horror XX Barack Obama
82%
Treehouse of Horror VII Bill Clinton
82%
Lisa the Iconoclast George Washington
82%
Marge in Chains Jimmy Carter
82%
Treehouse of Horror IV Richard Nixon
76%
Two Bad Neighbors Gerald Ford
65%
No matching quizzes found
Score Distribution
Percent of People with Each Score
Percentile by Number Answered
Your Score History
You have not taken this quiz